NLSUI OPAC header image

Law, psychiatry and the mentally disorded offender.Vol. I (Record no. 3888)

MARC details
000 -LEADER
fixed length control field 00467nam a2200157Ia 4500
008 - FIXED-LENGTH DATA ELEMENTS--GENERAL INFORMATION
fixed length control field 160316s1972 xxu||||| |||| 00| 0 eng d
082 ## - DEWEY DECIMAL CLASSIFICATION NUMBER
Classification number 364.380000
Item number IRV-I
100 ## - MAIN ENTRY--PERSONAL NAME
Personal name Irvine Lynn M
245 ## - TITLE STATEMENT
Title Law, psychiatry and the mentally disorded offender.Vol. I
250 ## - EDITION STATEMENT
Edition statement
260 ## - PUBLICATION, DISTRIBUTION, ETC.
Place of publication, distribution, etc. Illinois
Name of publisher, distributor, etc. Charles C. Thomas
Date of publication, distribution, etc. 1972
300 ## - PHYSICAL DESCRIPTION
Extent 147p.
Other physical details 20 cm
Dimensions xv
365 ## - TRADE PRICE
Price amount Gratis
650 ## - SUBJECT ADDED ENTRY--TOPICAL TERM
Topical term or geographic name entry element 1.Psychiatry - Mentally Disordered Offender - Law
700 ## - ADDED ENTRY--PERSONAL NAME
Personal name Terry Brelje B
--
Holdings
Withdrawn status Lost status Damaged status Not for loan Home library Current library Shelving location Date acquired Total Checkouts Full call number Barcode Date last seen Price effective from Koha item type
        . . Library Compactors 30.05.2017   364.38 IRV-I 4055 30.05.2017 30.05.2017 BOOKs